000 00578nam a2200229Ia 4500
003 OSt
005 20220924133337.0
006 a|||||r|||| 00| 0
007 ta
008 220923b |||||||| |||| 00| 0 ara d
024 _a264589
037 _cTextual
040 _aARTS
_cARTS
_bara
041 _2ara
_aara
082 _aO28,3:g, L5
100 _aHaqi Yahya Au.
_9206216
245 0 _aFajarul qissah al-misriah
260 _c1975
650 _aARABIC FICTION
_964594
942 _hO28,3:g, L5
_cTEXL
_2CC
999 _c433495
_d433495